| 000 | 01034nam a22002537a 4500 | ||
|---|---|---|---|
| 999 |
_c65336 _d65336 |
||
| 005 | 20240530110819.0 | ||
| 008 | 190710s2009 ua o f 001 0 ara d | ||
| 017 |
_a2009/11669 _bمصر. دار الكتب |
||
| 020 | _a9789774521423 | ||
| 040 |
_aEG-CaGPL _cEG-CaGPL |
||
| 082 | 0 | 4 |
_221 _a962.07/ _bق/خ أ |
| 100 | 0 | _aخالد عزب | |
| 245 | 1 | 0 |
_aالسادات رئيسا : _b1970 - 1981 / _cاعداد خالد عزب، عمرو شلبى ؛ تقديم اسماعيل سراج الدين |
| 260 |
_aالاسكندرية : _bمكتبة الاسكندرية، _c2009. |
||
| 300 |
_a322 ص. : _bصور ؛ _c32 سم. |
||
| 600 | 0 | _aانور السادات | |
| 650 | _2qrmak | ||
| 651 | 0 | 7 |
_2qrmak _aمصر _xرؤساء الجمهوريات |
| 651 | 0 | 7 |
_2qrmak _aمصر _xتاريخ _yالعصر الحديث _xانور السادات ( 1981م ) - ( 1981 م ). |
| 700 | 0 |
_aعمرو شلبى _eمعد |
|
| 700 | 0 |
_aاسماعيل سراج الدين _eمقدم |
|
| 942 |
_2ddc _cBK |
||